| 000 | 01047cam a2200265 4500 | ||
|---|---|---|---|
| 008 | 011017n2002 000 0 eng u | ||
| 020 | _a0721901433 | ||
| 035 | _a(Sirsi) u115159 | ||
| 041 | _aeng. | ||
| 050 | _a346.41043 | ||
| 100 | _aClayden, P. | ||
| 245 | 4 | _aThe law of allotments | |
| 250 | _a5th ed. | ||
| 260 |
_aCrayford _bShaw & Sons. _c2002 |
||
| 300 |
_axxiv,104p. _c22cm. |
||
| 350 | _a18.95 | ||
| 520 | _aAims to state the law of allotments for the benefit of local authorities, particularly parishes and communities and their officers, and also for the secretaries and advisers of local allotment societies and associations. Among the issues covered are the history of allotments law, compulsory acquisition of land for allotments, allotments management, allotments tenancies and their determination, and the disposal of allotments land. | ||
| 650 | _aALLOTMENTS | ||
| 650 | _aALLOTMENT GARDENS | ||
| 650 | _aLAW | ||
| 650 | _aFARMS | ||
| 650 | _aGARDENS | ||
| 690 | _aPROPERTY-LANDLORD AND TENANT | ||
| 942 | _n0 | ||
| 999 |
_c101720 _d101720 |
||